00421nam a2200121Ia 4500001000400000008004100004082002200045100006500067245010100132260002400233901002700257999001500284869241024s9999 xx 000 0 und d aRD/373.0684/R426r aRepública Dominicana.Secretaría de Estado de Educación 0aRegistro de Grado del Rendimiento Escolar Nivel medio Año escolar 2000- al 200 grado sección bSanto Domingoc2000 a7/12/2010 4:56:27 p.m. c8557d8557